000 00443nam a2200157 4500
001 126227
003 ES-MaACL
005 20230906192800.0
007 t|
008 070214s1913 fr r ||||1| fre d
100 1 _aReboul, Jacques.
_995723
245 1 2 _aL'imperialisme français
_b: sous le chĂȘne celtique /
_cJacques Reboul.
260 _aParis :
_bE. Sansot et Cie.,
_c1913.
300 _a284 p. ;
_c19 cm.
852 _aES-MaACL
_jF-8433
999 _c126227
_d126227